000 00807nam a2200229 4500
003 CO-ViMGA
020 _a9789583037719
040 _aCO-ViMGA
_bspa
_cCO-ViMGA
082 0 4 _a641
_bR41g
100 1 _aRice Hahn, Pamela.
_94628
245 1 0 _aEl gran libro de cocina para diabéticos:
_b300 recetas creativas y saludables que le devuelven el placer a la cocina /
_cPamela Rice Hahn.
260 _aColombia:
_bPanamericana,
_c2011.
300 _aXX, 386 p :
_bil. ; 23 cm.
490 _aColección el gran libro.
500 _aIncluye indice.
534 _tThe everything diabetes cookbook.
650 1 4 _aCocina para diabéticos - Recetas.
_96191
650 1 4 _aCocina para enfermos.
_96193
650 1 4 _aDiabéticos - Alimentación.
_96192
700 1 _aCasas Dupuy, Rosario,
_etr.
_96194
942 _2ddc
_cBK
999 _c37464
_d37464